MARC details
| 000 -LEADER |
| fixed length control field |
03300aam a2200529 i 4500 |
| 001 - CONTROL NUMBER |
| control field |
on1341203259 |
| 003 - CONTROL NUMBER IDENTIFIER |
| control field |
OCoLC |
| 005 - DATE AND TIME OF LATEST TRANSACTION |
| control field |
20250319122559.0 |
| 008 - FIXED-LENGTH DATA ELEMENTS--GENERAL INFORMATION |
| fixed length control field |
220817t20232023ctua b 001 0 eng d |
| 010 ## - LIBRARY OF CONGRESS CONTROL NUMBER |
| LC control number |
2022947773 |
| 020 ## - INTERNATIONAL STANDARD BOOK NUMBER |
| International Standard Book Number |
9780300267808 |
| Qualifying information |
(hardcover) |
| 020 ## - INTERNATIONAL STANDARD BOOK NUMBER |
| International Standard Book Number |
0300267800 |
| Qualifying information |
(hardcover) |
| 035 ## - SYSTEM CONTROL NUMBER |
| System control number |
(OCoLC)1341203259 |
| 040 ## - CATALOGING SOURCE |
| Original cataloging agency |
YDX |
| Language of cataloging |
eng |
| Description conventions |
rda |
| Transcribing agency |
YDX |
| Modifying agency |
YUS |
| -- |
OCLCF |
| -- |
DVP |
| -- |
TKN |
| -- |
TnLvILS |
| 049 ## - LOCAL HOLDINGS (OCLC) |
| Holding library |
IG$A |
| 050 #4 - LIBRARY OF CONGRESS CALL NUMBER |
| Classification number |
ND2590 |
| Item number |
.S34 2023 |
| 082 04 - DEWEY DECIMAL CLASSIFICATION NUMBER |
| Classification number |
751.7/3 |
| Edition number |
23 |
| 092 ## - LOCALLY ASSIGNED DEWEY CALL NUMBER (OCLC) |
| Item number |
751.73 Schacter, Rafael |
| 100 1# - MAIN ENTRY--PERSONAL NAME |
| Personal name |
Schacter, Rafael. |
| Relator term |
author. |
| 9 (RLIN) |
6540089 |
| 245 14 - TITLE STATEMENT |
| Title |
The world atlas of street art and graffiti / |
| Statement of responsibility, etc |
Rafael Schacter ; updated by Lachlan MacDowall ; foreword by John Fekner. |
| 250 ## - EDITION STATEMENT |
| Edition statement |
Revised edition. |
| 264 #1 - Production, Publication, Distribution, Manufacture, and Copyright Notice. |
| Place of production, publication, distribution, manufacture |
New Haven ; |
| -- |
London : |
| Name of producer, publisher, distributor, manufacturer |
Yale University Press, |
| Date of production, publication, distribution, manufacture, or copyr |
[2023] |
| 264 #4 - Production, Publication, Distribution, Manufacture, and Copyright Notice. |
| Date of production, publication, distribution, manufacture, or copyr |
2023 |
| 300 ## - PHYSICAL DESCRIPTION |
| Extent |
399 pages : |
| Other physical details |
color illustrations ; |
| Dimensions |
25 cm |
| 336 ## - Content Type |
| Content type term |
text |
| 336 ## - Content Type |
| Content type term |
still image |
| 337 ## - Media type |
| Media type term |
unmediated |
| 338 ## - Carrier type |
| Carrier type term |
volume |
| 500 ## - GENERAL NOTE |
| General note |
First edition published in 2013 by Quarto Publishing Plc. |
| 504 ## - BIBLIOGRAPHY, ETC. NOTE |
| Bibliography, etc |
Includes bibliographical references (page 395) and index. |
| 505 2# - FORMATTED CONTENTS NOTE |
| Formatted contents note |
North America -- New York -- San Francisco -- Los Angeles -- Latin America -- Mexico City -- São Paulo -- Buenos Aires -- Northern Europe -- London -- Paris -- Berlin -- Stockholm -- Southern Europe -- Madrid -- Barcelona -- Athens -- Africa -- Tunis -- Dakar -- Capetown -- Asia -- Beijing -- Tokyo -- Kuala Lumpur -- Yogyakarta -- Oceania -- Melbourne -- Sydney. |
| 520 ## - SUMMARY, ETC. |
| Summary, etc |
"Ten years after its original publication, The World Atlas of Street Art and Graffiti is recognized as the definitive guide to the most significant artists and styles of street art and graffiti around the world. This revised edition brings the content up to our present moment, expanding its geographic breadth to six continents. Featuring more than 700 full-color photographs of raw, energetic, whimsical, and eye-catching art, the book is visually exciting as well as an essential survey of the urban art of our time. Organized geographically by country and city, the publication profiles more than 100 of today's most important street artists--Espo in New York, Merlot in Seattle, Os G�emeos in S�ao Paulo, Michael Pederson in Sydney, Essu in Tokyo, Lady K in Paris, Milu Correch in Buenos Aires, and Nardstar in Cape Town----alongside key examples of their work. With contributions by the foremost authorities on street art and graffiti, this landmark publication continues to provide a nuanced understanding of a global contemporary art practice."--Dust jacket. |
| 650 #0 - SUBJECT ADDED ENTRY--TOPICAL TERM |
| Topical term or geographic name as entry element |
Street art |
| Form subdivision |
Atlases. |
| 9 (RLIN) |
6540090 |
| 650 #0 - SUBJECT ADDED ENTRY--TOPICAL TERM |
| Topical term or geographic name as entry element |
Graffiti |
| Form subdivision |
Atlases. |
| 9 (RLIN) |
6540091 |
| 650 #0 - SUBJECT ADDED ENTRY--TOPICAL TERM |
| Topical term or geographic name as entry element |
Mural painting and decoration |
| Form subdivision |
Atlases. |
| 9 (RLIN) |
6540092 |
| 650 #0 - SUBJECT ADDED ENTRY--TOPICAL TERM |
| Topical term or geographic name as entry element |
Graffiti artists. |
| 650 #7 - SUBJECT ADDED ENTRY--TOPICAL TERM |
| Topical term or geographic name as entry element |
Graffiti. |
| Source of heading or term |
fast |
| 650 #7 - SUBJECT ADDED ENTRY--TOPICAL TERM |
| Topical term or geographic name as entry element |
Graffiti artists. |
| Source of heading or term |
fast |
| 650 #7 - SUBJECT ADDED ENTRY--TOPICAL TERM |
| Topical term or geographic name as entry element |
Mural painting and decoration. |
| Source of heading or term |
fast |
| 650 #7 - SUBJECT ADDED ENTRY--TOPICAL TERM |
| Topical term or geographic name as entry element |
Street art. |
| Source of heading or term |
fast |
| 655 #7 - INDEX TERM--GENRE/FORM |
| Genre/form data or focus term |
Guidebooks. |
| Source of term |
fast |
| 9 (RLIN) |
5689508 |
| 655 #7 - INDEX TERM--GENRE/FORM |
| Genre/form data or focus term |
Scientific atlases. |
| Source of term |
fast |
| 9 (RLIN) |
5764989 |
| 655 #7 - INDEX TERM--GENRE/FORM |
| Genre/form data or focus term |
Guidebooks. |
| Source of term |
lcgft |
| 9 (RLIN) |
5689508 |
| 700 1# - ADDED ENTRY--PERSONAL NAME |
| Personal name |
MacDowall, Lachlan, |
| Dates associated with a name |
1974- |
| Relator term |
author. |
| 9 (RLIN) |
6540093 |
| 700 1# - ADDED ENTRY--PERSONAL NAME |
| Personal name |
Fekner, John. |
| Relator term |
writer of foreword. |
| 9 (RLIN) |
6540094 |
| 942 ## - ADDED ENTRY ELEMENTS (KOHA) |
| Source of classification or shelving scheme |
Dewey Decimal Classification |
| Koha item type |
BOOK |